[Event "Wch Seniors 50 29th"]
[Site "Bucharest"]
[Date "2019.11.19"]
[Round "7"]
[White "Grishchenko, Mihail"]
[Black "Anuta, Laurentiu"]
[Result "0-1"]
[WhiteElo "1930"]
[BlackElo "1825"]
[PlyCount "94"]
[EventDate "2019.11.12"]
[EventType "swiss"]
[EventRounds "11"]
[EventCountry "ROU"]
[SourceTitle "CBM 193 Extra"]
[Source "ChessBase"]
[SourceDate "2020.01.31"]
[SourceVersion "1"]
[SourceVersionDate "2020.01.31"]
[SourceQuality "1"]

1. d4 d6 2. Nc3 Nf6 3. e4 c6 4. Nf3 Bg4 5. Be3 e6 6. Be2 Nbd7 7. 0-0 Be7 8. e5 Nd5 9. exd6 Nxc3 10. dxe7 Nxe2+ 11. Qxe2 Qxe7 12. h3 Bh5 13. a4 h6 14. Ra3 Nf6 15. g4 Bg6 16. Ne5 Bh7 17. c4 Nd7 18. Nf3 0-0 19. Bf4 b6 20. Qd2 g5 21. Bh2 f5 22. Ne5 f4 23. Nxc6 Qd6 24. d5 Nc5 25. f3 e5 26. b4 Nd7 27. Re1 Rfe8 28. a5 e4 29. fxe4 Bxe4 30. axb6 Nxb6 31. Qd4 Bh7 32. Rxe8+ Rxe8 33. Rxa7 Nd7 34. c5 Qg6 35. Ra1 Qc2 36. Qd1 Qc3 37. Qc1 Qxh3 38. Qd2 Be4 39. Qe2 Nf6 40. Ra7 Qc3 41. Re7 Rxe7 42. Nxe7+ Kf7 43. Nf5 Qxb4 44. Nxh6+ Kg6 45. Nf5 Qxc5+ 46. Qf2 Qxf2+ 47. Kxf2 Nxg4+ 0-1

[Event "Arad op 12th"]
[Site "Arad"]
[Date "2019.07.24"]
[Round "1"]
[White "Marjanovic, Annamaria"]
[Black "Anuta, Laurentiu"]
[Result "1-0"]
[WhiteElo "2343"]
[BlackElo "1813"]
[PlyCount "105"]
[EventDate "2019.07.24"]
[EventType "swiss"]
[EventRounds "9"]
[EventCountry "ROU"]
[SourceTitle "CBM 191 Extra"]
[Source "ChessBase"]
[SourceDate "2019.09.30"]
[SourceVersion "1"]
[SourceVersionDate "2019.09.30"]
[SourceQuality "1"]

1. c4 d6 2. g3 c6 3. Bg2 Nf6 4. Nc3 e5 5. e4 Be7 6. Nge2 Bg4 7. h3 Bxe2 8. Qxe2 Na6 9. 0-0 Nc5 10. d3 Ne6 11. Be3 c5 12. f4 Nd4 13. Qf2 0-0 14. Kh1 Nd7 15. Nd5 Bf6 16. Rab1 Nb6 17. Bxd4 Nxd5 18. fxe5 dxe5 19. Bxc5 Ne7 20. Rbd1 b6 21. Ba3 Qc7 22. b3 Rad8 23. g4 Bg5 24. h4 Bf4 25. d4 f6 26. d5 Qd7 27. Bh3 Rfe8 28. Kg2 g5 29. h5 Nc8 30. Rfe1 Qb7 31. Kh1 Nd6 32. Bf1 Qd7 33. Qg2 Rc8 34. Re2 Rc7 35. Rc2 Rec8 36. Bd3 Nf7 37. Qf3 Nd6 38. Qe2 Nf7 39. b4 Nh6 40. Rg1 a5 41. bxa5 bxa5 42. c5 Qa4 43. d6 Qxa3 44. dxc7 Rxc7 45. Rb1 Kg7 46. c6 Nf7 47. Rb7 Qd6 48. Bc4 Nd8 49. Rxc7+ Qxc7 50. Qd3 Qxc6 51. Bb5 Qa8 52. Rc7+ Kh6 53. Qd5 1-0

[Event "ROM-ch"]
[Site "Calimanesti Caciulata"]
[Date "2017.03.26"]
[Round "2"]
[White "Dobre, Claudiu Cristian"]
[Black "Anuta, Laurentiu"]
[Result "1-0"]
[WhiteElo "2387"]
[BlackElo "1968"]
[PlyCount "83"]
[EventDate "2017.03.25"]
[EventType "swiss"]
[EventRounds "9"]
[EventCountry "ROU"]
[SourceTitle "CBM 177 Extra"]
[Source "ChessBase"]
[SourceDate "2017.04.27"]
[SourceVersion "1"]
[SourceVersionDate "2017.04.27"]
[SourceQuality "1"]

1. c4 d6 2. Nc3 Nf6 3. Nf3 c6 4. e4 Bg4 5. d4 Nbd7 6. Be2 e5 7. Be3 Be7 8. 0-0 0-0 9. Qc2 Qc7 10. Rac1 a6 11. Rfd1 Rac8 12. Nh4 Bxe2 13. Qxe2 g6 14. g3 Ne8 15. Nf3 Ng7 16. Bh6 Rfe8 17. d5 c5 18. Ng5 Bxg5 19. Bxg5 f6 20. Bh6 Nf8 21. Qg4 Qd7 22. h3 Re7 23. Rd3 Qxg4 24. hxg4 Rf7 25. f4 Nd7 26. Rc2 exf4 27. gxf4 g5 28. e5 fxe5 29. f5 Nf6 30. Rg3 Nge8 31. Rcg2 b5 32. b3 b4 33. Nd1 Ne4 34. Re3 Rf6 35. Rh2 Rxh6 36. Rxh6 N8f6 37. Rh2 Nc3 38. Nxc3 Nxg4 39. Rg3 Nxh2 40. Ne4 Nf3+ 41. Rxf3 Rd8 42. Nxg5 1-0

[Event "Arad op 9th"]
[Site "Arad"]
[Date "2016.08.07"]
[Round "2"]
[White "Anuta, Laurentiu"]
[Black "Samani, Yamac"]
[Result "0-1"]
[WhiteElo "1955"]
[BlackElo "2139"]
[PlyCount "69"]
[EventDate "2016.08.06"]
[EventType "swiss"]
[EventRounds "9"]
[EventCountry "ROU"]
[SourceTitle "CBM 173 Extra"]
[Source "ChessBase"]
[SourceDate "2016.08.29"]
[SourceVersion "1"]
[SourceVersionDate "2016.08.29"]
[SourceQuality "1"]

1. Nf3 Nf6 2. b3 g6 3. Bb2 Bg7 4. e3 0-0 5. Be2 c5 6. 0-0 Nc6 7. c4 d5 8. Ne5 Qc7 9. Nxc6 bxc6 10. d3 Ng4 11. Bxg4 Bxb2 12. Bxc8 Raxc8 13. Nd2 Bxa1 14. Qxa1 Rfd8 15. Nf3 f6 16. g3 Qd7 17. Kg2 Qf5 18. e4 Qd7 19. Re1 e5 20. Qc3 Qb7 21. Re2 Qb4 22. Qc1 Kg7 23. h4 h5 24. Nh2 dxe4 25. dxe4 Rd3 26. Nf1 Rcd8 27. Re3 Rxe3 28. Qxe3 Rd1 29. Nh2 Qe1 30. Qxc5 Qxe4+ 31. Nf3 Rd7 32. b4 Kf7 33. a4 Rd3 34. Qxa7+ Ke6 35. Qa6 0-1

[Event "ROM-ch"]
[Site "Olanesti"]
[Date "2016.04.10"]
[Round "9"]
[White "Anuta, Laurentiu"]
[Black "Miroi, Robert Andrei"]
[Result "0-1"]
[WhiteElo "1937"]
[BlackElo "1985"]
[PlyCount "112"]
[EventDate "2016.04.02"]
[EventType "swiss"]
[EventRounds "9"]
[EventCountry "ROU"]
[SourceTitle "CBM 171 Extra"]
[Source "ChessBase"]
[SourceDate "2016.04.26"]
[SourceVersion "1"]
[SourceVersionDate "2016.04.26"]
[SourceQuality "1"]

1. d4 Nf6 2. Nf3 e6 3. Bg5 d5 4. e3 Be7 5. Bd3 0-0 6. 0-0 Nbd7 7. Nbd2 c5 8. c3 b6 9. Rc1 Bb7 10. h3 Ne4 11. Bxe7 Qxe7 12. Nh2 Nxd2 13. Qxd2 f5 14. f4 Rf6 15. Nf3 Raf8 16. Bb5 Nb8 17. Kh2 a6 18. Ba4 b5 19. Bd1 Bc6 20. b4 c4 21. Ne5 Be8 22. g4 fxg4 23. Nxg4 Rf5 24. Qf2 Nd7 25. Rg1 Kh8 26. Qg2 Nb6 27. Ne5 Nc8 28. Bg4 R5f6 29. Bf3 Nd6 30. Qg5 Qc7 31. Rce1 Bg6 32. Qh4 Nf5 33. Qf2 Be8 34. Bd1 a5 35. a3 a4 36. Bc2 Qe7 37. Bxf5 Rxf5 38. Qg3 R8f6 39. Rg2 Rh6 40. Kg1 Rfh5 41. Rh2 Rxe5 42. dxe5 Rg6 43. Rg2 Rxg3 44. Rxg3 Bg6 45. Kh2 Qh4 46. Reg1 Qh5 47. Re1 Qf5 48. Reg1 Qc2+ 49. R1g2 Qc1 50. f5 Bxf5 51. Rxg7 Bg6 52. Re7 Qxc3 53. Rxe6 Qxe3 54. Re7 c3 55. Rg3 Qf2+ 56. Rg2 Qf4+ 0-1

[Event "ROM-ch"]
[Site "Olanesti"]
[Date "2016.04.08"]
[Round "7"]
[White "Anuta, Laurentiu"]
[Black "Ognean, Mihnea Ionut"]
[Result "1/2-1/2"]
[WhiteElo "1937"]
[BlackElo "2059"]
[PlyCount "109"]
[EventDate "2016.04.02"]
[EventType "swiss"]
[EventRounds "9"]
[EventCountry "ROU"]
[SourceTitle "CBM 171 Extra"]
[Source "ChessBase"]
[SourceDate "2016.04.26"]
[SourceVersion "1"]
[SourceVersionDate "2016.04.26"]
[SourceQuality "1"]

1. Nf3 Nf6 2. b3 g6 3. Bb2 Bg7 4. e3 0-0 5. Be2 c5 6. 0-0 Nc6 7. d4 Ne4 8. Nbd2 d5 9. Ne5 Qc7 10. Nxc6 Qxc6 11. Nxe4 dxe4 12. d5 Qd6 13. Bxg7 Kxg7 14. Qd2 Rd8 15. c4 Qe5 16. f3 exf3 17. Bxf3 Rd6 18. Rac1 Ra6 19. Rf2 Rb8 20. Qc3 Qxc3 21. Rxc3 e5 22. dxe6 Bxe6 23. Rd3 Kf8 24. Bd5 Rd8 25. e4 Bxd5 26. exd5 Re8 27. Kf1 Rd6 28. Rdf3 Re7 29. g4 h6 30. h4 Kg7 31. g5 hxg5 32. hxg5 Rdd7 33. Rh3 Re5 34. Rg3 Rde7 35. Rd2 a6 36. d6 Rd7 37. Kf2 Kf8 38. a4 b6 39. Rg1 Re6 40. Rgd1 a5 41. Rd5 Ke8 42. Kf3 Kd8 43. Kf4 Kc8 44. R1d3 Rd8 45. b4 axb4 46. a5 Kb7 47. axb6 Kxb6 48. d7 Kc6 49. Rd1 b3 50. Rb1 Rxd7 51. Rxd7 Kxd7 52. Rxb3 Rd6 53. Ke5 Rd4 54. Rb7+ Ke8 55. Rxf7 1/2-1/2

[Event "ROM-ch"]
[Site "Targu Mures"]
[Date "2014.05.01"]
[Round "8"]
[White "Anuta, Laurentiu"]
[Black "Gilea, Lucian"]
[Result "0-1"]
[WhiteElo "2013"]
[BlackElo "2266"]
[PlyCount "178"]
[EventDate "2014.04.26"]
[EventType "swiss"]
[EventRounds "11"]
[EventCountry "ROU"]
[SourceTitle "CBM 160 Extra"]
[Source "ChessBase"]
[SourceDate "2014.07.01"]
[SourceVersion "1"]
[SourceVersionDate "2014.07.01"]
[SourceQuality "1"]

1. Nf3 g6 2. b3 Bg7 3. d4 c5 4. Bb2 Nc6 5. e3 d6 6. Nbd2 cxd4 7. Nxd4 Nf6 8. Be2 0-0 9. Nxc6 bxc6 10. 0-0 Qc7 11. Rb1 Bf5 12. g4 Be6 13. c4 d5 14. g5 Nd7 15. Bxg7 Kxg7 16. cxd5 cxd5 17. Nf3 Bh3 18. Re1 Qd6 19. Bf1 Bf5 20. Rc1 f6 21. Qd4 Be4 22. Nd2 Ne5 23. f4 Nf3+ 24. Nxf3 Bxf3 25. Bg2 Bxg2 26. Kxg2 Kg8 27. gxf6 Rxf6 28. Rc5 Rd8 29. Rd1 Rf5 30. Kf3 Rh5 31. Rd2 Rh3+ 32. Kg2 Qe6 33. Rxd5 Qg4+ 34. Kf1 Rf3+ 35. Rf2 Rf8 36. Rd8 Qh3+ 37. Ke2 Rxe3+ 38. Qxe3 Qg4+ 39. Qf3 Qe6+ 40. Kf1 Rxd8 41. Kg2 Qf5 42. Qh3 Kg7 43. Qxf5 gxf5 44. Rc2 Kf7 45. Kf2 Rd3 46. Re2 Kf6 47. Rc2 e6 48. Re2 Rc3 49. Re3 Rc2+ 50. Re2 Rc7 51. Re5 Rc2+ 52. Re2 Rc5 53. Kf3 h5 54. b4 Rc1 55. Kf2 Rc4 56. Kg3 h4+ 57. Kf3 Rxb4 58. Re5 Ra4 59. Re2 Ra3+ 60. Kg2 a5 61. Rd2 Rc3 62. Kf2 Ke7 63. Re2 Rh3 64. Kg2 Rd3 65. Kf2 Kd6 66. Kg2 a4 67. Kf2 a3 68. Kg2 Ke7 69. Kf2 Rd1 70. Ke3 Rb1 71. Kd3 Rb4 72. Rf2 Kd6 73. Kc3 Rb1 74. Rd2+ Kc5 75. Rf2 Re1 76. Kd3 Kd5 77. Kd2 Rb1 78. Kd3 h3 79. Re2 Rg1 80. Re5+ Kd6 81. Re3 Rg2 82. Rxh3 Rxa2 83. Kc4 Rc2+ 84. Kb3 a2 85. Rd3+ Ke7 86. Rd1 Rxh2 87. Ra1 Rf2 88. Rxa2 Rxa2 89. Kxa2 Kd6 0-1

[Event "ROM-ch"]
[Site "Targu Mures"]
[Date "2014.04.29"]
[Round "5"]
[White "David, Bogdan Emanuel"]
[Black "Anuta, Laurentiu"]
[Result "0-1"]
[WhiteElo "1761"]
[BlackElo "2013"]
[PlyCount "118"]
[EventDate "2014.04.26"]
[EventType "swiss"]
[EventRounds "11"]
[EventCountry "ROU"]
[SourceTitle "CBM 160 Extra"]
[Source "ChessBase"]
[SourceDate "2014.07.01"]
[SourceVersion "1"]
[SourceVersionDate "2014.07.01"]
[SourceQuality "1"]

1. e4 d6 2. d4 Nf6 3. Nc3 c6 4. f3 b5 5. a3 e6 6. Be3 Be7 7. Nh3 0-0 8. Nf2 Bb7 9. g4 a5 10. Bd3 Nfd7 11. Ne2 e5 12. Qd2 Na6 13. Ng3 exd4 14. Bxd4 Ne5 15. Be2 c5 16. Bxe5 dxe5 17. Qxd8 Rfxd8 18. Bxb5 Nc7 19. Bc4 Ba6 20. Bxa6 Rxa6 21. Nf5 Bf8 22. Ke2 g6 23. Ne3 Ne6 24. Rhd1 Nd4+ 25. Kf1 Rb8 26. c3 Nxf3 27. Nc4 Rf6 28. Kg2 Nh4+ 29. Kf1 Bh6 30. Rd5 Nf3 31. h3 Bg5 32. Ke2 Rf4 33. Rb1 Bh4 34. Nd3 Rxe4+ 35. Kxf3 Rxc4 36. Nxe5 Rxc3+ 37. bxc3 Rxb1 38. Rxc5 a4 39. Rc4 Rb3 40. Nd7 Rxa3 41. Nc5 Ra2 42. Rxa4 Rh2 43. Rc4 Rxh3+ 44. Ke4 Bf6 45. Na4 h5 46. gxh5 gxh5 47. Rc6 Kg7 48. c4 Rg3 49. Kf4 Rg6 50. Kf3 h4 51. Rc5 Rg3+ 52. Ke2 Kg6 53. Rd5 h3 54. Rd1 h2 55. Kf2 Rg4 56. Rc1 Rxc4 57. Rxc4 h1Q 58. Nc5 Qd5 59. Rc1 Qd2+ 0-1

[Event "ROM-chT2"]
[Site "Olanesti"]
[Date "2013.10.14"]
[Round "3.5"]
[White "Anuta, Laurentiu"]
[Black "Martian, Dragos Daniel"]
[Result "0-1"]
[WhiteElo "2026"]
[BlackElo "2186"]
[PlyCount "66"]
[EventDate "2013.10.12"]
[EventType "team-tourn"]
[EventRounds "9"]
[EventCountry "ROU"]
[SourceTitle "EXT 2014"]
[Source "ChessBase"]
[SourceDate "2013.11.20"]
[SourceVersion "1"]
[SourceVersionDate "2013.11.20"]
[SourceQuality "1"]
[WhiteTeam "Ploiesti Conpet"]
[BlackTeam "Galati CC"]
[WhiteTeamCountry "ROU"]
[BlackTeamCountry "ROU"]

1. Nf3 Nf6 2. b3 e6 3. Bb2 d5 4. e3 Bd6 5. d4 0-0 6. Bd3 c5 7. 0-0 Nc6 8. a3 b6 9. Ne5 Bb7 10. Nd2 Rc8 11. c4 Ne7 12. f4 Ne4 13. Ng4 Nf5 14. Rf3 Nxd2 15. Qxd2 dxc4 16. bxc4 Bxf3 17. gxf3 cxd4 18. exd4 h5 19. Ne5 Bxe5 20. fxe5 Nxd4 21. Qf2 Nb3 22. Rd1 Qe7 23. Kh1 Rfd8 24. Qg3 g6 25. Bc2 Rxd1+ 26. Bxd1 Na5 27. Bc1 Rxc4 28. Bg5 Qd7 29. Qe1 Qd5 30. Qe2 Rc3 31. Kg2 Nc4 32. Bc2 Qxe5 33. Qxe5 Rxc2+ 0-1

[Event "ROM-ch"]
[Site "Baile Olanesti"]
[Date "2013.02.21"]
[Round "7"]
[White "Ciorica, Mihai Vlad"]
[Black "Anuta, Laurentiu"]
[Result "1-0"]
[WhiteElo "1773"]
[BlackElo "2049"]
[PlyCount "91"]
[EventDate "2013.02.16"]
[EventType "swiss"]
[EventRounds "11"]
[EventCountry "ROU"]
[SourceTitle "CBM 153 Extra"]
[Source "ChessBase"]
[SourceDate "2013.04.22"]
[SourceVersion "1"]
[SourceVersionDate "2013.04.22"]
[SourceQuality "1"]

1. e4 e6 2. d4 c5 3. Nf3 b6 4. d5 d6 5. c4 e5 6. Nc3 Be7 7. Be3 a6 8. a4 Bg4 9. Be2 Bxf3 10. gxf3 Bg5 11. Qd2 Bxe3 12. Qxe3 Qh4 13. Kd2 Ne7 14. Rag1 h5 15. Bd3 Ng6 16. Ne2 Nf4 17. Nxf4 exf4 18. Qe2 Qf6 19. Kc2 Nd7 20. Rg2 g6 21. Rhg1 Kd8 22. Qd2 Ne5 23. Be2 Ke7 24. Rg5 Rhb8 25. Qc3 b5 26. cxb5 c4 27. Rxe5+ dxe5 28. Bxc4 axb5 29. Qb4+ Qd6 30. Qxd6+ Kxd6 31. Bxb5 Rc8+ 32. Kd3 Rab8 33. b4 Rc7 34. Rb1 g5 35. Bc6 Rxc6 36. dxc6 Kxc6 37. Rc1+ Kb6 38. Rc5 Re8 39. h3 f6 40. a5+ Ka6 41. Kc4 Rd8 42. Rc6+ Kb7 43. b5 Rd2 44. a6+ Ka7 45. Rc7+ Kb8 46. a7+ 1-0

[Event "ROM-chTA"]
[Site "Olanesti"]
[Date "2012.10.08"]
[Round "3.6"]
[White "Anuta, Laurentiu"]
[Black "Cordea, David"]
[Result "1-0"]
[WhiteElo "2064"]
[BlackElo "2001"]
[PlyCount "129"]
[EventDate "2012.10.06"]
[EventType "team-tourn"]
[EventRounds "9"]
[EventCountry "ROU"]
[SourceTitle "CBM 150 Extra"]
[Source "ChessBase"]
[SourceDate "2012.10.19"]
[SourceVersion "1"]
[SourceVersionDate "2012.10.19"]
[SourceQuality "1"]
[WhiteTeam "Ploiesti"]
[BlackTeam "Cugir CSO"]
[WhiteTeamCountry "ROU"]
[BlackTeamCountry "ROU"]

1. Nf3 Nf6 2. b3 g6 3. Bb2 Bg7 4. e3 d6 5. Be2 0-0 6. d4 c6 7. 0-0 Nbd7 8. Nbd2 Qc7 9. c4 Re8 10. Qc2 e5 11. dxe5 dxe5 12. e4 Nh5 13. Rfd1 Nf4 14. Bf1 Ne6 15. b4 c5 16. a3 Nd4 17. Qd3 b6 18. Nb1 Bb7 19. Nc3 f5 20. Nd2 Nf6 21. f3 Qd6 22. Nd5 Rac8 23. Bc3 Rf8 24. Kh1 Bxd5 25. cxd5 fxe4 26. Nxe4 Qxd5 27. bxc5 bxc5 28. Qc4 Kh8 29. Nxf6 Qxc4 30. Bxc4 Rxf6 31. Rab1 Rb6 32. Ba5 Rxb1 33. Rxb1 Nc2 34. Rb3 Bf6 35. g3 Re8 36. Bd5 Kg7 37. Rc3 Nd4 38. Rxc5 Re7 39. Rc8 Rd7 40. Rg8+ Kh6 41. Be4 Nf5 42. Kg2 Be7 43. a4 Bc5 44. h4 Ne7 45. Re8 Kg7 46. Rd8 Rxd8 47. Bxd8 Kf7 48. g4 h6 49. Kf1 Ke6 50. Ba5 Be3 51. Ke2 Bf4 52. Be1 Kd6 53. Bf2 a6 54. Kd3 g5 55. h5 Bc1 56. Be1 Ba3 57. Kc4 Kc7 58. Ba5+ Kd6 59. Bb6 Nc8 60. Be3 Ne7 61. Bxg5 hxg5 62. h6 Ng6 63. Bxg6 e4 64. Kc3 e3 65. Bd3 1-0

[Event "ROM-ch"]
[Site "Sarata Monteoru"]
[Date "2012.02.14"]
[Round "2"]
[White "Anuta, Laurentiu"]
[Black "Gavrilescu, David"]
[Result "1/2-1/2"]
[WhiteElo "2017"]
[BlackElo "1800"]
[PlyCount "163"]
[EventDate "2012.02.13"]
[EventType "swiss"]
[EventRounds "11"]
[EventCountry "ROU"]
[SourceTitle "CBM 147 Extra"]
[Source "ChessBase"]
[SourceDate "2012.04.24"]
[SourceVersion "1"]
[SourceVersionDate "2012.04.24"]
[SourceQuality "1"]

1. d4 d5 2. Nf3 c5 3. c3 e6 4. Bg5 Be7 5. Bxe7 Nxe7 6. e3 cxd4 7. exd4 Nbc6 8. Bd3 0-0 9. Ng5 Ng6 10. h4 e5 11. Nxh7 e4 12. Nxf8 Nf4 13. Bf1 Kxf8 14. g3 Ng6 15. h5 Nge7 16. h6 gxh6 17. Rxh6 Kg7 18. Qh5 Bf5 19. Qg5+ Bg6 20. Rh2 Qb6 21. Qh6+ Kf6 22. b4 Nf5 23. Qf4 Ncxd4 24. Nd2 Nc2+ 25. Kd1 Nxa1 26. g4 Qd6 27. Qxd6+ Nxd6 28. f4 Nc2 29. Kxc2 e3+ 30. f5 Nxf5 31. gxf5 Bxf5+ 32. Bd3 Bxd3+ 33. Kxd3 exd2 34. Rxd2 Re8 35. Kd4 Rd8 36. Re2 Rd7 37. a4 Kg5 38. Rg2+ Kf4 39. Rf2+ Kg4 40. Rg2+ Kf3 41. Rg5 Kf4 42. Rg7 Kf5 43. a5 Ke6 44. Rh7 Rc7 45. Rh5 Rc4+ 46. Kd3 Rf4 47. Rh8 Kd7 48. Rb8 Kc7 49. Re8 f6 50. Re7+ Kc6 51. a6 bxa6 52. Rxa7 Kb6 53. Rd7 Kc6 54. Rd8 Rf3+ 55. Kd4 Rf4+ 56. Ke3 Re4+ 57. Kd3 f5 58. Rc8+ Kd6 59. Ra8 f4 60. Rxa6+ Ke5 61. Ra8 f3 62. Re8+ Kf4 63. Rg8 f2 64. Rf8+ Kg3 65. b5 Re1 66. Kd4 Re4+ 67. Kd3 Kg2 68. b6 f1Q+ 69. Rxf1 Kxf1 70. b7 Re8 71. Kd4 Rb8 72. Kxd5 Rxb7 73. c4 Ke2 74. c5 Kd3 75. c6 Rg7 76. Kd6 Kc4 77. c7 Rg6+ 78. Kd7 Rg7+ 79. Kc6 Rg5 80. c8Q Rc5+ 81. Kb7 Rxc8 82. Kxc8 1/2-1/2

[Event "ROM-chT"]
[Site "Brasov"]
[Date "2011.10.16"]
[Round "9.3"]
[White "Petrisor, Adrian Marian"]
[Black "Anuta, Laurentiu"]
[Result "1-0"]
[WhiteElo "2388"]
[BlackElo "2024"]
[PlyCount "83"]
[EventDate "2011.10.08"]
[EventType "team-tourn"]
[EventRounds "9"]
[EventCountry "ROU"]
[SourceTitle "CBM 144 Extra"]
[Source "ChessBase"]
[SourceDate "2011.10.28"]
[SourceVersion "1"]
[SourceVersionDate "2011.10.28"]
[SourceQuality "1"]
[WhiteTeam "Timisoara Medicina"]
[BlackTeam "Ploiesti Conpet"]
[WhiteTeamCountry "ROU"]
[BlackTeamCountry "ROU"]

1. Nf3 e6 2. g3 b6 3. Bg2 Bb7 4. 0-0 Nf6 5. c4 Be7 6. d4 0-0 7. Nc3 Ne4 8. Qc2 f5 9. Ne5 Nd6 10. Rd1 Bxg2 11. Kxg2 Nf7 12. Nd3 Bf6 13. e3 Qc8 14. d5 e5 15. f4 e4 16. Nf2 d6 17. b3 Nd7 18. Bb2 a6 19. Ne2 Bxb2 20. Qxb2 Qe8 21. Nd4 Nd8 22. h3 Qg6 23. Kh2 Qf6 24. Qe2 Rc8 25. g4 fxg4 26. Qxg4 Rf7 27. Nxe4 Qg6 28. Ng5 h5 29. Qf3 Rf6 30. Rg1 Qe8 31. Ne4 Rf7 32. Rg5 Nf6 33. Nxf6+ Rxf6 34. Rag1 Rf7 35. Qg3 Qd7 36. Nf5 Kf8 37. Nxg7 c6 38. Nxh5 Ke7 39. Rg8 Qf5 40. Ng7 Qf6 41. Qg4 Rb8 42. Re8# 1-0

[Event "ROM-chT"]
[Site "Brasov"]
[Date "2011.10.15"]
[Round "8.3"]
[White "Anuta, Laurentiu"]
[Black "Georgescu, Tiberiu Marian"]
[Result "0-1"]
[WhiteElo "2024"]
[BlackElo "2391"]
[PlyCount "80"]
[EventDate "2011.10.08"]
[EventType "team-tourn"]
[EventRounds "9"]
[EventCountry "ROU"]
[SourceTitle "CBM 144 Extra"]
[Source "ChessBase"]
[SourceDate "2011.10.28"]
[SourceVersion "1"]
[SourceVersionDate "2011.10.28"]
[SourceQuality "1"]
[WhiteTeam "Ploiesti Conpet"]
[BlackTeam "Bucharest Apa Nova"]
[WhiteTeamCountry "ROU"]
[BlackTeamCountry "ROU"]

1. Nf3 c5 2. b3 d5 3. e4 d4 4. Bb5+ Nd7 5. Ne5 Ngf6 6. Qf3 e6 7. Bxd7+ Bxd7 8. Nxd7 Nxd7 9. Qe2 Bd6 10. d3 Qc7 11. g3 0-0 12. f4 b5 13. 0-0 c4 14. Bb2 c3 15. Bc1 b4 16. a3 a5 17. g4 a4 18. bxa4 Rxa4 19. Qf3 Rfa8 20. e5 Bf8 21. h4 R8a6 22. g5 bxa3 23. Nxa3 Bxa3 24. Bxa3 Rxa3 25. Rxa3 Rxa3 26. Qe4 Qa7 27. Kh2 Nf8 28. h5 Qa4 29. Rf2 Qa8 30. Qxd4 Ra1 31. Qe4 Qxe4 32. dxe4 Re1 33. Kg2 Rxe4 34. Kf3 Rc4 35. Ke3 Nd7 36. Kd3 Rc8 37. Rf3 Nb6 38. Kd4 Nd5 39. f5 Nb4 40. Rxc3 Nxc2+ 0-1

[Event "ROM-ch op"]
[Site "Sarata Monteoru"]
[Date "2011.02.17"]
[Round "8"]
[White "Anuta, Laurentiu"]
[Black "Nastase, Robert Paul"]
[Result "1-0"]
[WhiteElo "2034"]
[BlackElo "1825"]
[PlyCount "71"]
[EventDate "2011.02.12"]
[EventType "swiss"]
[EventRounds "11"]
[EventCountry "ROU"]
[SourceTitle "CBM 140 Extra"]
[Source "ChessBase"]
[SourceDate "2011.03.01"]
[SourceVersion "1"]
[SourceVersionDate "2011.03.01"]
[SourceQuality "1"]

1. d4 Nf6 2. Bg5 e6 3. Nf3 Be7 4. Nbd2 d5 5. e3 0-0 6. Bd3 Nbd7 7. c3 c5 8. Rc1 c4 9. Bb1 b5 10. Qc2 Bb7 11. Ne5 g6 12. h4 Nxe5 13. dxe5 Ne4 14. Nxe4 dxe4 15. Rd1 Qc7 16. Bf4 Rfd8 17. Rd4 Bf8 18. h5 Bg7 19. hxg6 fxg6 20. Qd1 Bd5 21. Qg4 Qf7 22. Qh4 Bf8 23. Bxe4 Be7 24. Bxg6 Qxg6 25. Qxe7 Re8 26. Qg5 Rab8 27. Qxg6+ hxg6 28. e4 Bc6 29. a3 a5 30. Bg5 Rb7 31. Bf6 Rh7 32. Rxh7 Kxh7 33. f3 Rb8 34. Rd6 Ba8 35. Rxe6 b4 36. Re7+ 1-0